Statistics for Valorant agent 1 minute

Click here to take the quiz!

General Stats

  • This quiz has been taken 67 times
  • The average score is 15 of 21

Answer Stats

Answer% Correct
Raze
100%
Jett
98%
Brimstone
93%
Astra
83%
Kayo
83%
Reyna
83%
Sage
83%
Yoru
83%
Breach
80%
Chamber
80%
Omen
78%
Skye
75%
Sova
73%
Viper
65%
Cypher
63%
Fade
60%
Harbor
48%
Killjoy
43%
Pheonix
40%
Neon
38%
Gekko
28%

Score Distribution

Percentile by Number Answered

Percent of People with Each Score

Your Score History

You have not taken this quiz